• 首页
  • 本馆介绍
  • 公告通知
  • 最新文献
  • 馆藏检索
  • 电子资源
  • 读者导购
  • 参考咨询
  • 我的图书馆
  • 登录
  • 详细信息显示
  • 放入我的书架
  • 预约/预借图书
  • 作者相关作品
  • 分类相关作品
  • 丛书相关作品
  • 出版社相关作品

书目信息

  • 表格格式
  • 工作单格式
  • 卡片格式
题名:
晶体生长
    
 
作者: 张乐惠 , 张克从 主编
分册:  
出版信息: 北京   科学出版社  1981
页数: 738页
开本: 21cm
丛书名:
单 册:
中图分类: O78
科图分类:
主题词: 晶体生长
电子资源:
ISBN:
000 00595nam0 2200229 45
001 0181004993
005 20061121094559.96
010    @b精装@dCNY4.90
091    @aCN@b110000
100    @a19950623d1981 emky0chiy0121 ea
101 0  @achi
105    @ay z 000yy
200 10 @a晶体生长@Ajing ti sheng zhang@f张克从,张乐惠主编
210    @a北京@c科学出版社@d1981
215    @a738页@d21cm
606    @a晶体生长
690    @aO78@v3
701  0 @a张乐惠@Azhang le hui@4主编
701  0 @a张克从@Azhang ke cong@4主编
801  2 @aCN@bNLC@c20061121
801  0 @aCN@bTSSF
905    @a10447@dO78@e1
    
    晶体生长/张克从,张乐惠主编.-北京:科学出版社,1981
    738页;21cm
    
    
    ISBN (精装):CNY4.90
    
●
相关链接 在E读中查询图书 在五车中查询图书 在当当中查询图书 在豆瓣中查询图书


正题名:晶体生长     索取号:O78/1         预约/预借

序号 登录号 条形码 馆藏地/架位号 状态 备注
1 0048086   000627655   第二样本阅览室/ [索取号:O78/1] 在馆    
唐山师范学院图书馆 欢迎您!
大连网信软件有限公司© 版权所有